[Event "Hyderabad Slan op 1st"]
[Site "Hyderabad"]
[Date "2023.07.21"]
[Round "2"]
[White "Jagadeeshwar, Yerupula"]
[Black "Anadkat, Kartavya"]
[Result "0-1"]
[WhiteElo "1306"]
[BlackElo "2124"]
[PlyCount "78"]
[EventDate "2023.07.21"]
[EventType "swiss"]
[EventRounds "9"]
[EventCountry "IND"]
[SourceTitle "CBM 215 Extra"]
[Source "ChessBase"]
[SourceDate "2023.09.30"]
[SourceVersion "1"]
[SourceVersionDate "2023.09.30"]
[SourceQuality "1"]

1. e4 e5 2. Nf3 Nc6 3. d4 exd4 4. Bc4 Nf6 5. 0-0 Nxe4 6. Re1 d5 7. Bxd5 Qxd5 8. Nc3 Qa5 9. Nxe4 Be6 10. Bg5 h6 11. Bh4 g5 12. Nxd4 0-0-0 13. Nxc6 bxc6 14. Qh5 Bb4 15. Bg3 Bxe1 16. c3 Bd2 17. b4 Qf5 18. Qe2 Qb5 19. Qf3 g4 20. Qf6 Bg5 21. Qe5 Qxe5 22. Bxe5 Rhe8 23. Nxg5 hxg5 24. Bf6 Rd5 25. Bd4 a5 26. Be3 Red8 27. Kf1 Rd1+ 28. Rxd1 Rxd1+ 29. Ke2 Ra1 30. bxa5 Bc4+ 31. Kd2 Rxa2+ 32. Kc1 Kd7 33. Kb1 Ke6 34. a6 Rxa6 35. Bxg5 Kf5 36. Be3 Ke4 37. h3 Kd3 38. hxg4 Kxc3 39. g5 Bd3+ 0-1